01035nam a22002057a 4500003000800000008004100008037002000049040003500069041000800104080001100112100003100123245017800154260008200332300002100414500017800435650009800613655002300711700002500734710007000759BI-BuBU130114t2009 bd ||||dr|||| 00| 0 fre d bDon de l'auteur aBI-BuBUbfrecBI-BuBUdBI-BuBU0 afre a628.191 4autaMiburo, Jean-Baptiste10aContribution à l'étude de l'impact de la pollution des eaux de la rivière Kamenge sur celle de la rivière NtahangwacJean Baptiste Miburo ; Nahimana David, directeur aBujumburabUniversité du Burundi, Institut de Pédagogie Appliquéec2009 aVI-58 f.c29 cm. amémoire présenté et défendu publiquement en vue de l'obtention du diplôme de Licence en Pédagogie Appliquée, Agrégé de l'Enseignement Secondaire en Chimie. 72BI-BuBUaEauxxPollutionxImpactxKamenge (Rivière) : EauxPollutionzNtahangwa (Rivière) 72BI-BuBUaMémoire 4drtaNahimana, David1 4autaUniversité du BurundibInstitut de Pédagogie Appliquée